Jack (Record no. 354886)
[ view plain ]
| 000 -LEADER | |
|---|---|
| fixed length control field | 01894cim a2200469 i 4500 |
| 001 - CONTROL NUMBER | |
| control field | sky301408679 |
| 003 - CONTROL NUMBER IDENTIFIER | |
| control field | SKY |
| 005 - DATE AND TIME OF LATEST TRANSACTION | |
| control field | 20201026154522.0 |
| 007 - PHYSICAL DESCRIPTION FIXED FIELD--GENERAL INFORMATION | |
| fixed length control field | sd fmngnnmmned |
| 008 - FIXED-LENGTH DATA ELEMENTS--GENERAL INFORMATION | |
| fixed length control field | 200730s2020 nyunnnne f n eng d |
| 020 ## - INTERNATIONAL STANDARD BOOK NUMBER | |
| International Standard Book Number | 9781250257239 |
| 020 ## - INTERNATIONAL STANDARD BOOK NUMBER | |
| International Standard Book Number | 1250257239 |
| 028 42 - PUBLISHER NUMBER | |
| Publisher number | 12852143 |
| 040 ## - CATALOGING SOURCE | |
| Original cataloging agency | TOH |
| Language of cataloging | eng |
| Description conventions | rda |
| Transcribing agency | TOH |
| Modifying agency | OCLCQ |
| -- | TEF |
| -- | TEFMT |
| -- | SKYRV |
| -- | CoBoFLC |
| 050 #4 - LIBRARY OF CONGRESS CALL NUMBER | |
| Classification number | PS3568.O3125 |
| Item number | J33 2020ab |
| 082 04 - DEWEY DECIMAL CLASSIFICATION NUMBER | |
| Classification number | 813/.54 |
| Edition number | 23 |
| 092 ## - LOCALLY ASSIGNED DEWEY CALL NUMBER (OCLC) | |
| Classification number | CD Robinson |
| 100 1# - MAIN ENTRY--PERSONAL NAME | |
| Personal name | Robinson, Marilynne. |
| 9 (RLIN) | 12834 |
| 245 10 - TITLE STATEMENT | |
| Title | Jack |
| Medium | [compact disc] / |
| Statement of responsibility, etc | Marilynne Robinson. |
| 260 ## - PUBLICATION, DISTRIBUTION, ETC. (IMPRINT) | |
| Place of publication, distribution, etc | [New York] : |
| Name of publisher, distributor, etc | Macmillan Audio, |
| Date of publication, distribution, etc | 2020. |
| 264 ## - Production, Publication, Distribution, Manufacture, and Copyright Notice. | |
| Place of production, publication, distribution, manufacture | [New York] : |
| Name of producer, publisher, distributor, manufacturer | Macmillan Audio, |
| Date of production, publication, distribution, manufacture, or copyr | 2020. ©2020 |
| 300 ## - PHYSICAL DESCRIPTION | |
| Extent | 9 audio discs (approximately 10 hr., 30 min.) ; |
| Dimensions | 4 3/4 in. |
| 336 ## - Content Type | |
| Content type term | spoken word |
| 337 ## - Media type | |
| Media type term | audio |
| 338 ## - Carrier type | |
| Carrier type term | audio disc |
| 500 ## - GENERAL NOTE | |
| General note | Unabridged. |
| 511 1# - PARTICIPANT OR PERFORMER NOTE | |
| Participant or performer note | Read by Adam Verner. |
| 520 ## - SUMMARY, ETC. | |
| Summary, etc | John Ames Boughton is the beloved, erratic, and grieved-over prodigal son of a Presbyterian minister in Gilead, Iowa. In segregated St. Louis sometime after World War II, Jack falls in love with Della Miles, an African American high school teacher who is also the daughter of a preacher. Their fraught, beautiful romance is one of Robinson's greatest achievements. |
| 538 ## - SYSTEM DETAILS NOTE | |
| System details note | Compact discs. |
| 650 #0 - SUBJECT ADDED ENTRY--TOPICAL TERM | |
| Topical term or geographic name as entry element | Conflict of generations |
| Form subdivision | Fiction. |
| 9 (RLIN) | 5709161 |
| 650 #0 - SUBJECT ADDED ENTRY--TOPICAL TERM | |
| Topical term or geographic name as entry element | Children of clergy |
| Form subdivision | Fiction. |
| 9 (RLIN) | 5725963 |
| 650 #0 - SUBJECT ADDED ENTRY--TOPICAL TERM | |
| Topical term or geographic name as entry element | Fathers and sons |
| Form subdivision | Fiction. |
| 9 (RLIN) | 5673789 |
| 650 #0 - SUBJECT ADDED ENTRY--TOPICAL TERM | |
| Topical term or geographic name as entry element | Interracial dating |
| Form subdivision | Fiction. |
| 9 (RLIN) | 5776580 |
| 650 #0 - SUBJECT ADDED ENTRY--TOPICAL TERM | |
| Topical term or geographic name as entry element | Families |
| Form subdivision | Fiction. |
| 9 (RLIN) | 5674501 |
| 651 #0 - SUBJECT ADDED ENTRY--GEOGRAPHIC NAME | |
| Geographic name | Iowa |
| Form subdivision | Fiction. |
| 9 (RLIN) | 5686721 |
| 655 #7 - INDEX TERM--GENRE/FORM | |
| Genre/form data or focus term | Christian fiction. |
| Source of term | gsafd. |
| 9 (RLIN) | 6381357 |
| 655 #0 - INDEX TERM--GENRE/FORM | |
| Genre/form data or focus term | Compact discs. |
| 9 (RLIN) | 5675080 |
| 655 #0 - INDEX TERM--GENRE/FORM | |
| Genre/form data or focus term | Audiobooks. |
| 9 (RLIN) | 6381358 |
| 700 1# - ADDED ENTRY--PERSONAL NAME | |
| Personal name | Verner, Adam, |
| Relator term | narrator. |
| 9 (RLIN) | 5905252 |
| 907 ## - LOCAL DATA ELEMENT G, LDG (RLIN) | |
| a | .b430772889 |
| 942 ## - ADDED ENTRY ELEMENTS (KOHA) | |
| Source of classification or shelving scheme | Dewey Decimal Classification |
| Koha item type | Audiobook on CD |
| Withdrawn status | Lost status | Source of classification or shelving scheme | Materials specified (bound volume or other part) | Damaged status | Not for loan | Collection code | Home library | Current library | Shelving location | Date acquired | Source of acquisition | Total Checkouts | Full call number | Barcode | Date last seen | Date checked out | Cost, replacement price | Price effective from | Koha item type |
|---|---|---|---|---|---|---|---|---|---|---|---|---|---|---|---|---|---|---|---|
| Dewey Decimal Classification | 9 discs | Audiobooks | Wasatch County Library | Wasatch County Library | Second Floor | 10/26/2020 | Micromarketing | 1 | CD Robinson | 34301001701236 | 09/16/2025 | 09/09/2025 | 39.99 | 10/26/2020 | Audiobook on CD |
